00490 a2200169 4500020002600000020001100026035001300037035001300050037004700063037004900110082000600159100001900165245004200184260003900226300002300265490003200288 a9780689865671c106.75 c106.25 aB-211548 aB-212086 bRP-V V-8 / UBH-07-08:SPL CH / RP-07-08:ENG bRP-RKP-8-11/ UBH-07-08:SPL CH / RP-07-08:ENG14aS1 aKeene, Carolyn1 aA race against timecby Carolyn Keene aNew YorkbAladdin Paperbacksc2004 a151 pc18 cm (pbk) aNancy Drew girl detective 2